Riconosci il Pokémon - Quiz n°140 - Statistics

Statistiche generali
  • Questo quiz è stato fatto 4 volte
  • Il punteggio medio è 9 su 10
Statistiche sulle risposte
Indizio Risposta % Corretto
Sesso 100% ♀
100%
Altezza 1,6 m
100%
Tipo Folletto / Volante
100%
Abilità Incantevole (Incarnazione); Inversione (Incarnazione); Copricapo (Totem)
100%
Generazione Ottava
100%
Tasso di cattura 3 (1.6%)
75%
Peso 48 kg
75%
Tasso di allevamento Lento
75%
Stadio evoluzione Non si evolve
75%
Pokémon Enamorus
50%
Nessun quiz corrispondente trovato
Distribuzione punteggi
Percentuale di utenti per punteggio
Percentile per numero di risposta
I tuoi punteggi nel tempo
Non hai fatto questo quiz